[Event "EU-Cup 22nd"]
[Site "Feugen"]
[Date "2006.10.13"]
[Round "6"]
[White "Schlosser, Philipp"]
[Black "Efimenko, Zahar"]
[Result "1/2-1/2"]
[WhiteElo "2554"]
[BlackElo "2612"]
[PlyCount "107"]
[EventDate "2006.10.08"]
[EventType "team"]
[EventRounds "7"]
[EventCountry "AUT"]
[Source "ChessBase"]
[SourceDate "2006.11.01"]

1. d4 Nf6 2. c4 e6 3. Nc3 Bb4 4. Qc2 O-O 5. a3 Bxc3+ 6. Qxc3 b6 7. Bg5 Bb7 8.
e3 d6 9. Ne2 Nbd7 10. Qd3 Ba6 11. Nc3 d5 12. Qc2 Bxc4 13. Bxc4 dxc4 14. Qa4 c5
15. Rd1 Rc8 16. O-O Qc7 17. Qxc4 cxd4 18. Qxc7 Rxc7 19. Rxd4 h6 20. Bh4 Rfc8
21. Rfd1 Rc4 22. Rxc4 Rxc4 23. Bxf6 Nxf6 24. Rd8+ Kh7 25. Kf1 Rc7 26. Ke2 Nd7
27. f4 Kg6 28. Kf3 a6 29. g4 b5 30. h4 Nc5 31. h5+ Kh7 32. Rd6 g6 33. hxg6+
Kxg6 34. e4 h5 35. gxh5+ Kxh5 36. e5 Na4 37. Nxa4 bxa4 38. Rxa6 Rb7 39. Rxa4
Rxb2 40. Rb4 Ra2 41. a4 Ra3+ 42. Ke2 Kg6 43. Kd2 f6 44. exf6 Kxf6 45. Kc2 e5
46. Kb2 Rd3 47. a5 exf4 48. Rxf4+ Ke5 49. Ra4 Rd8 50. Kb3 Kd5 51. Rb4 Kc6 52.
Ka4 Kc7 53. a6 Rb8 54. Rh4 1/2-1/2

[Event "CRO-chT 15th"]
[Site "Sibenik"]
[Date "2006.09.30"]
[Round "9"]
[White "Kozul, Zdenko"]
[Black "Gyimesi, Zoltan"]
[Result "0-1"]
[WhiteElo "2593"]
[BlackElo "2616"]
[PlyCount "92"]
[EventDate "2006.09.22"]
[EventType "team"]
[EventRounds "11"]
[EventCountry "CRO"]
[Source "ChessBase"]
[SourceDate "2006.11.01"]

1. d4 Nf6 2. c4 e6 3. Nc3 Bb4 4. Qc2 O-O 5. a3 Bxc3+ 6. Qxc3 b6 7. Nf3 Bb7 8.
e3 d5 9. b4 c5 10. dxc5 bxc5 11. Bb2 Nbd7 12. Be2 Nb6 13. cxd5 cxb4 14. axb4
Nbxd5 15. Qa3 a6 16. Bd4 Ne4 17. O-O Qe7 18. Qb2 Qxb4 19. Bxg7 Qxb2 20. Bxb2 a5
21. Nd4 Rfc8 22. Rfc1 Rxc1+ 23. Bxc1 Ndc3 24. Bf1 a4 25. f3 Nc5 26. Bb2 Nd5 27.
Rc1 a3 28. Ba1 Rc8 29. e4 Nb4 30. Rc3 a2 31. Ra3 Ba6 32. Bc3 Ncd3 33. Bd2 Bc4
34. h4 h5 35. Kh2 Kh7 36. Ra7 Rc7 37. Ra5 Rc5 38. Ra7 e5 39. Bxd3 Nxd3 40. Nf5
Be6 41. Bg5 Ne1 42. Bf6 Kg6 43. Be7 Rc2 44. Bd6 Rxg2+ 45. Kh1 Rd2 46. Ra8 Nxf3
0-1

[Event "Kostic mem 14th"]
[Site "Vrsac"]
[Date "2006.09.18"]
[Round "6"]
[White "Ivanisevic, Ivan"]
[Black "Markus, Robert"]
[Result "1/2-1/2"]
[WhiteElo "2596"]
[BlackElo "2586"]
[PlyCount "95"]
[EventDate "2006.09.12"]
[EventType "tourn"]
[EventRounds "9"]
[EventCountry "YUG"]
[EventCategory "13"]
[Source "ChessBase"]
[SourceDate "2006.11.01"]

1. d4 Nf6 2. c4 e6 3. Nc3 Bb4 4. Qc2 O-O 5. a3 Bxc3+ 6. Qxc3 b5 7. cxb5 c6 8.
f3 Nd5 9. Qd3 cxb5 10. e4 Ne7 11. Bg5 Nbc6 12. Qd2 f6 13. Be3 d5 14. Rd1 Rb8
15. Bd3 b4 16. a4 Qb6 17. Ne2 Ba6 18. O-O Na5 19. Rfe1 Nc4 20. Bxc4 Bxc4 21.
Nf4 Ng6 22. exd5 Bxd5 23. Nxd5 exd5 24. Rc1 Rfc8 25. Bf2 Rxc1 26. Qxc1 Qb7 27.
Qc5 Qd7 28. Bg3 Rb6 29. Rc1 Ne7 30. Qc7 Rb7 31. Qxd7 Rxd7 32. Rc5 Kf7 33. Kf1
Ke6 34. Ke2 Rb7 35. Kd3 Rb6 36. Rb5 Rxb5 37. axb5 Nf5 38. Bb8 Nh4 39. Bxa7 Kd7
40. Bb8 Nxg2 41. Bg3 h5 42. Ke2 h4 43. Bb8 h3 44. b3 Nh4 45. Ba7 Nf5 46. Bc5 g5
47. Kf2 Kc7 48. Ke2 1/2-1/2

[Event "Wch Blitz"]
[Site "Rishon Le Ziyyon"]
[Date "2006.09.07"]
[Round "8"]
[White "Gagunashvili, Merab"]
[Black "Grischuk, Alexander"]
[Result "1/2-1/2"]
[WhiteElo "2591"]
[BlackElo "2709"]
[PlyCount "73"]
[EventDate "2006.09.07"]
[EventType "tourn (blitz)"]
[EventRounds "15"]
[EventCountry "ISR"]
[EventCategory "16"]
[Source "ChessBase"]
[SourceDate "2006.11.01"]

1. d4 Nf6 2. c4 e6 3. Nc3 Bb4 4. Qc2 d6 5. Bg5 Nbd7 6. e3 c5 7. Bd3 h6 8. Bh4
cxd4 9. exd4 e5 10. Nge2 Bxc3+ 11. Nxc3 exd4 12. Nb5 O-O 13. Nxd4 Re8+ 14. Ne2
Qa5+ 15. Qd2 Qxd2+ 16. Kxd2 Ne4+ 17. Bxe4 Rxe4 18. Bg3 Rxc4 19. Rac1 d5 20. b3
Rxc1 21. Rxc1 Nf6 22. f3 Ne8 23. Nd4 Bd7 24. Rc5 Be6 25. Nb5 a6 26. Nc7 Nxc7
27. Rxc7 b5 28. Kc3 a5 29. Rb7 Rc8+ 30. Kd2 Bf5 31. Rb8 Rxb8 32. Bxb8 Bb1 33.
a4 bxa4 34. bxa4 Ba2 35. Kc3 d4+ 36. Kxd4 Bb3 37. Bc7 1/2-1/2

[Event "RUS-ch 1st League 59th"]
[Site "Tomsk"]
[Date "2006.09.03"]
[Round "1"]
[White "Kharitonov, Alexandr"]
[Black "Smirnov, Pavel"]
[Result "0-1"]
[WhiteElo "2514"]
[BlackElo "2613"]
[PlyCount "98"]
[EventDate "2006.09.03"]
[EventType "swiss"]
[EventRounds "9"]
[EventCountry "RUS"]
[Source "ChessBase"]
[SourceDate "2006.11.01"]

1. d4 Nf6 2. c4 e6 3. Nc3 Bb4 4. Qc2 d5 5. cxd5 exd5 6. Bg5 c5 7. dxc5 h6 8.
Bxf6 Qxf6 9. e3 O-O 10. Nge2 Na6 11. Nd4 Nxc5 12. Be2 Bxc3+ 13. bxc3 Bd7 14.
O-O Rac8 15. Rac1 b6 16. c4 Ne6 17. Qd2 Nxd4 18. exd4 dxc4 19. Bxc4 Rfd8 20.
Bb3 Qd6 21. Rfd1 a5 22. Rxc8 Rxc8 23. Qd3 a4 24. Bc2 g6 25. Qd2 b5 26. Bb1 h5
27. h3 b4 28. f4 Rc3 29. f5 Bc6 30. Qf2 Bd5 31. Re1 Qg3 32. Re8+ Kh7 33. fxg6+
Kg7 34. Qxg3 Rxg3 35. Re2 fxg6 36. Be4 Bc4 37. Rb2 b3 38. axb3 Rxb3 39. Rc2 Rb4
40. Rc3 Bf7 41. Rd3 Bb3 42. Rg3 Rb6 43. h4 Kh6 44. Kf2 a3 45. Rc3 a2 46. Rc1
Re6 47. Kf3 Bc4 48. Bc2 Bd5+ 49. Kf2 Rc6 0-1

[Event "RUS-ch 1st League 59th"]
[Site "Tomsk"]
[Date "2006.09.04"]
[Round "2"]
[White "Kobalia, Mihail"]
[Black "Khismatullin, Denis"]
[Result "0-1"]
[WhiteElo "2647"]
[BlackElo "2568"]
[PlyCount "176"]
[EventDate "2006.09.03"]
[EventType "swiss"]
[EventRounds "9"]
[EventCountry "RUS"]
[Source "ChessBase"]
[SourceDate "2006.11.01"]

1. d4 Nf6 2. c4 e6 3. Nc3 Bb4 4. Qc2 c5 5. dxc5 O-O 6. a3 Bxc5 7. Nf3 b6 8. Bf4
Bb7 9. e3 Nc6 10. Rd1 Rc8 11. Be2 Be7 12. Nd2 d6 13. O-O Qc7 14. Qb1 Qb8 15.
Rc1 Qa8 16. Rfd1 Rfd8 17. b4 Ne5 18. Bxe5 dxe5 19. Bf1 Nd7 20. Qc2 g6 21. Nde4
Nf8 22. Rxd8 Rxd8 23. Nd2 Nd7 24. Rd1 Nf6 25. Nb3 Rxd1 26. Qxd1 a5 27. bxa5
bxa5 28. a4 Bc6 29. Nb5 Nd7 30. Qa1 Bb4 31. Nc1 e4 32. Nb3 Qb8 33. N3d4 Ba8 34.
Nc2 Be7 35. Be2 Nc5 36. Ncd4 e5 37. Nc2 f6 38. Qa2 Qd8 39. Na1 Nd3 40. Nb3 Bb4
41. Qc2 Bc6 42. h3 Kg7 43. Kf1 h5 44. Nc1 Nxc1 45. Qxc1 h4 46. Qd1 Qxd1+ 47.
Bxd1 f5 48. Nc7 Kf7 49. Bb3 Ke7 50. Nd5+ Kd7 51. Ke2 Bf8 52. Kd2 Kd6 53. Kc3 g5
54. Bc2 Bg7 55. Kb3 Be8 56. Bd1 Bf7 57. Kc3 Be6 58. Bc2 Bf8 59. Kb3 Kc6 60. Bd1
Bc5 61. Bc2 Kd6 62. Bd1 Ba7 63. Bc2 Bc8 64. Kc3 Bc5 65. Kb3 Ke6 66. Bd1 Kf7 67.
Bc2 Kg7 68. Kc3 Kg6 69. Kd2 Ba3 70. Bb1 Kh6 71. Bc2 Bd7 72. Kc3 g4 73. hxg4
fxg4 74. Bxe4 Bxa4 75. Nf6 Bb4+ 76. Kb2 Kg5 77. Nh7+ Kh6 78. Nf6 Bd1 79. Nd7 h3
80. gxh3 gxh3 81. c5 a4 82. c6 a3+ 83. Ka2 Bg4 84. Bd5 h2 85. Kb3 Be6 86. Bxe6
h1=Q 87. c7 Qb1+ 88. Ka4 Bd6 0-1

[Event "RUS-ch 1st League 59th"]
[Site "Tomsk"]
[Date "2006.09.04"]
[Round "2"]
[White "Lysyj, Igor"]
[Black "Tomashevsky, Evgeny"]
[Result "1/2-1/2"]
[WhiteElo "2547"]
[BlackElo "2594"]
[PlyCount "70"]
[EventDate "2006.09.03"]
[EventType "swiss"]
[EventRounds "9"]
[EventCountry "RUS"]
[Source "ChessBase"]
[SourceDate "2006.11.01"]

1. d4 Nf6 2. c4 e6 3. Nc3 Bb4 4. Qc2 c5 5. dxc5 O-O 6. a3 Bxc5 7. Nf3 b6 8. Bf4
Bb7 9. Rd1 Nc6 10. e3 Nh5 11. Bg3 f5 12. Qd3 Qf6 13. Bd6 Rf7 14. Be2 g5 15. h3
Ng7 16. Bxc5 bxc5 17. Na4 Ne5 18. Nxe5 Qxe5 19. Qd6 Qxd6 20. Rxd6 Ne8 21. Rd2
Rc8 22. Bh5 Rg7 23. Bxe8 Rxe8 24. Nxc5 Bxg2 25. Rg1 Bc6 26. b4 Rc8 27. f4 g4
28. Kf2 Kf8 29. h4 Ke7 30. Rgd1 g3+ 31. Kg1 Ke8 32. Rd6 Bf3 33. Rf1 Ba8 34.
Rfd1 Bf3 35. Rf1 Ba8 1/2-1/2

[Event "RUS-ch 1st League 59th"]
[Site "Tomsk"]
[Date "2006.09.04"]
[Round "2"]
[White "Zakharstov, Viacheslav V"]
[Black "Alekseev, Evgeny"]
[Result "1/2-1/2"]
[WhiteElo "2548"]
[BlackElo "2644"]
[PlyCount "32"]
[EventDate "2006.09.03"]
[EventType "swiss"]
[EventRounds "9"]
[EventCountry "RUS"]
[Source "ChessBase"]
[SourceDate "2006.11.01"]

1. d4 Nf6 2. c4 e6 3. Nc3 Bb4 4. Qc2 O-O 5. a3 Bxc3+ 6. Qxc3 d6 7. Nf3 b6 8. e3
Bb7 9. Be2 Nbd7 10. O-O Ne4 11. Qc2 f5 12. b4 Qe7 13. Bb2 Ndf6 14. Rad1 c5 15.
dxc5 bxc5 16. Nd2 Ng5 1/2-1/2

[Event "RUS-ch 1st League 59th"]
[Site "Tomsk"]
[Date "2006.09.06"]
[Round "4"]
[White "Bocharov, Dmitry"]
[Black "Ionov, Sergey"]
[Result "1-0"]
[WhiteElo "2571"]
[BlackElo "2517"]
[PlyCount "81"]
[EventDate "2006.09.03"]
[EventType "swiss"]
[EventRounds "9"]
[EventCountry "RUS"]
[Source "ChessBase"]
[SourceDate "2006.11.01"]

1. d4 Nf6 2. c4 e6 3. Nc3 Bb4 4. Qc2 O-O 5. a3 Bxc3+ 6. Qxc3 b6 7. Nf3 c5 8. e3
Qe7 9. Be2 Bb7 10. O-O Rc8 11. dxc5 bxc5 12. b3 a5 13. Bb2 d6 14. Rfd1 Nbd7 15.
Nd2 e5 16. Nf1 Ra6 17. f3 Ba8 18. Ng3 Rb8 19. Rd2 g6 20. e4 Nf8 21. f4 exf4 22.
Rf1 N8d7 23. Rxf4 Ne5 24. Bd1 Rf8 25. Rdf2 Ne8 26. Nf1 Ng7 27. Nd2 f6 28. Rf1
Ne6 29. R4f2 Bb7 30. Qe3 Raa8 31. h3 Bc6 32. Bc3 Kg7 33. Re1 Kg8 34. Qg3 Kg7
35. Nf1 Kg8 36. Ne3 Bxe4 37. Ng4 Nxg4 38. hxg4 Nd4 39. Rf4 f5 40. gxf5 Nxf5 41.
Qg4 1-0

[Event "RUS-ch 1st League 59th"]
[Site "Tomsk"]
[Date "2006.09.09"]
[Round "7"]
[White "Lysyj, Igor"]
[Black "Smirnov, Pavel"]
[Result "1/2-1/2"]
[WhiteElo "2547"]
[BlackElo "2613"]
[PlyCount "76"]
[EventDate "2006.09.03"]
[EventType "swiss"]
[EventRounds "9"]
[EventCountry "RUS"]
[Source "ChessBase"]
[SourceDate "2006.11.01"]

1. d4 Nf6 2. c4 e6 3. Nc3 Bb4 4. Qc2 d5 5. a3 Bxc3+ 6. Qxc3 Ne4 7. Qc2 c5 8.
dxc5 Nc6 9. cxd5 exd5 10. Nf3 Bf5 11. b4 d4 12. g4 Bg6 13. Qc4 d3 14. Bg2 Qf6
15. Ra2 Ne5 16. g5 Qf5 17. Qd4 Nc6 18. Qc4 Ne5 19. Qd4 Nxf3+ 20. Bxf3 Qe6 21.
Rb2 O-O 22. O-O Rad8 23. Qe3 d2 24. Rxd2 Nxd2 25. Bxd2 Qc4 26. Rc1 Qa2 27. Be1
Rfe8 28. Rd1 h5 29. Rxd8 Rxd8 30. Kf1 Rd1 31. Qc3 Qb1 32. Bxb7 Rc1 33. Qd2 Rd1
34. Qc3 Bf5 35. f3 Rc1 36. Qd2 Rd1 37. Qc3 Rc1 38. Qd2 Rd1 1/2-1/2

[Event "XX Carlos Torre Wimbledon"]
[Site "Merida MEX"]
[Date "2007.12.21"]
[Round "3.1"]
[White "Ivanchuk, V."]
[Black "Graf, A."]
[Result "1-0"]
[WhiteElo "2787"]
[BlackElo "2574"]
[PlyCount "61"]
[EventDate "2007.12.19"]
[SourceDate "1999.07.01"]

1. d4 Nf6 2. c4 e6 3. Nc3 Bb4 4. Qc2 c5 5. dxc5 O-O 6. a3 Bxc5 7. Nf3 d5 8.
cxd5 exd5 9. Bg5 Be6 10. Rd1 Nbd7 11. e3 Rc8 12. Bd3 h6 13. Bh4 Bg4 14. Bf5
Bxf5 15. Qxf5 Bxa3 16. O-O Bxb2 17. Nxd5 Qe8 18. Bxf6 Nxf6 19. Qxc8 Qxc8 20.
Ne7+ Kh7 21. Nxc8 Rxc8 22. Rb1 Rc2 23. Rfd1 Ne4 24. Ne1 Re2 25. Nd3 Bf6 26.
Rxb7 a5 27. Rxf7 a4 28. Ra7 Ra2 29. Nb4 Nxf2 30. Rf1 Rb2 31. Rxf2 1-0

[Event "76th ch-UKR Final"]
[Site "Kharkiv UKR"]
[Date "2007.11.23"]
[Round "7"]
[White "Gasanov, E."]
[Black "Kryvoruchko, Y."]
[Result "1/2-1/2"]
[WhiteElo "2503"]
[BlackElo "2598"]
[PlyCount "69"]
[EventDate "2007.11.17"]
[SourceDate "1999.07.01"]

1. d4 Nf6 2. c4 e6 3. Nc3 Bb4 4. Qc2 O-O 5. a3 Bxc3+ 6. Qxc3 b6 7. Nf3 Bb7 8.
e3 c5 9. Be2 cxd4 10. exd4 d5 11. b3 Nbd7 12. a4 Qc7 13. Bb2 Rac8 14. Rc1 dxc4
15. bxc4 Rfe8 16. O-O Ng4 17. d5 Ndf6 18. h3 exd5 19. hxg4 Rxe2 20. g5 Ne8 21.
Rfe1 Re4 22. Nd2 Rxe1+ 23. Rxe1 f6 24. Qa3 dxc4 25. gxf6 Nxf6 26. Re7 Qc5 27.
Qxc5 Rxc5 28. Bxf6 gxf6 29. Rxb7 c3 30. Nb3 c2 31. Rxa7 c1=Q+ 32. Nxc1 Rxc1+
33. Kh2 Ra1 34. Kg3 b5 35. a5 1/2-1/2

[Event "TCh-AUT 1st Bundesliga 2007-8"]
[Site "Baden AUT"]
[Date "2007.12.02"]
[Round "3"]
[White "Shengelia, D."]
[Black "Horvath, Cs1"]
[Result "1/2-1/2"]
[WhiteElo "2569"]
[BlackElo "2536"]
[PlyCount "39"]
[EventDate "2007.11.30"]
[SourceDate "1999.07.01"]

1. d4 Nf6 2. c4 e6 3. Nc3 Bb4 4. Qc2 c5 5. dxc5 O-O 6. Nf3 Na6 7. g3 Nxc5 8.
Bg2 Nce4 9. O-O Nxc3 10. bxc3 Be7 11. Nd4 d6 12. Rd1 a6 13. c5 d5 14. c4 Bxc5
15. cxd5 Bxd4 16. Rxd4 exd5 17. Ba3 Re8 18. e4 Qb6 19. Rb4 Qc6 20. Rd4 1/2-1/2

[Event "World Cup"]
[Site "Khanty-Mansiysk RUS"]
[Date "2007.12.02"]
[Round "3.4"]
[White "Sasikiran, K."]
[Black "Macieja, B."]
[Result "1/2-1/2"]
[WhiteElo "2661"]
[BlackElo "2606"]
[PlyCount "49"]
[EventDate "2007.11.24"]
[SourceDate "1999.07.01"]

1. d4 Nf6 2. c4 e6 3. Nc3 Bb4 4. Qc2 d5 5. cxd5 Qxd5 6. Nf3 Qf5 7. Qxf5 exf5 8.
a3 Bd6 9. g3 Be6 10. Bg2 c6 11. Bf4 Bxf4 12. gxf4 Nbd7 13. e3 Ke7 14. O-O Nb6
15. Rfc1 Nfd5 16. Ne2 a5 17. Ne5 a4 18. Nd3 Nd7 19. Nc3 Ra5 20. Nb4 Kd6 21.
Ncxd5 cxd5 22. Rc2 Nb6 23. Nd3 Nc4 24. Nc5 Rb8 25. Nd3 1/2-1/2

[Event "2nd MAIG Team Standard"]
[Site "Macau CHN"]
[Date "2007.10.29"]
[Round "4"]
[White "Koneru, H."]
[Black "Xu Yuhua"]
[Result "1-0"]
[WhiteElo "2606"]
[BlackElo "2517"]
[PlyCount "65"]
[EventDate "2007.10.28"]
[SourceDate "1999.07.01"]

1. d4 e6 2. c4 Nf6 3. Nc3 Bb4 4. Qc2 O-O 5. a3 Bxc3+ 6. Qxc3 d6 7. Nf3 Nbd7 8.
e3 b6 9. Be2 Bb7 10. O-O Qe7 11. b4 a5 12. Bb2 Ne4 13. Qc2 f5 14. Ne1 axb4 15.
axb4 Rxa1 16. Bxa1 Ng5 17. Nd3 Rf6 18. f3 Rh6 19. c5 Nf6 20. Nf4 e5 21. dxe5
dxe5 22. c6 Bc8 23. Qa2+ Kh8 24. Qa8 exf4 25. Qxc8+ Ne8 26. Qxf5 fxe3 27. Qd7
Re6 28. f4 Nf7 29. f5 Re4 30. f6 gxf6 31. Rxf6 Kg8 32. Rf4 Ned6 33. Rg4+ 1-0

[Event "TCh-ROU Superliga"]
[Site "Predeal ROU"]
[Date "2007.10.16"]
[Round "4"]
[White "Grigore, Ge"]
[Black "Nisipeanu, LD."]
[Result "1/2-1/2"]
[WhiteElo "2538"]
[BlackElo "2668"]
[PlyCount "68"]
[EventDate "2007.10.13"]
[SourceDate "1999.07.01"]

1. d4 Nf6 2. c4 e6 3. Nc3 Bb4 4. Qc2 O-O 5. Nf3 c5 6. dxc5 Na6 7. g3 Nxc5 8.
Bd2 b6 9. Bg2 Ba6 10. Ne4 Bxd2+ 11. Nfxd2 Ncxe4 12. Nxe4 Nxe4 13. Bxe4 Rc8 14.
Bxh7+ Kh8 15. Bd3 Bxc4 16. O-O d5 17. b3 Bxd3 18. Qxd3 Rc5 19. Rad1 Qf6 20. e4
Rd8 21. exd5 Rcxd5 22. Qe2 g6 23. Rxd5 Rxd5 24. Rc1 Kg7 25. Kg2 Qd4 26. Rc4 Qd2
27. Qxd2 Rxd2 28. a4 Rb2 29. Rb4 Kf6 30. Rb5 Ra2 31. h4 Ke7 32. g4 f5 33. h5
gxh5 34. gxf5 Rb2 1/2-1/2

[Event "16th Monarch Assurance"]
[Site "Port Erin IOM"]
[Date "2007.09.29"]
[Round "8"]
[White "Gurevich, M."]
[Black "Sulskis, S."]
[Result "1/2-1/2"]
[WhiteElo "2633"]
[BlackElo "2537"]
[PlyCount "93"]
[EventDate "2007.09.22"]
[SourceDate "1999.07.01"]

1. d4 Nf6 2. c4 e6 3. Nc3 Bb4 4. Qc2 c5 5. dxc5 O-O 6. a3 Bxc5 7. Nf3 Nc6 8.
Bg5 h6 9. Bh4 b6 10. e3 Bb7 11. Be2 Rc8 12. O-O Be7 13. Rfd1 Na5 14. b3 d5 15.
Qb2 Qe8 16. cxd5 Nxd5 17. Bb5 Qd8 18. Nxd5 Bxh4 19. Nxh4 Bxd5 20. e4 Qxh4 21.
exd5 exd5 22. Rxd5 Rfd8 23. Rad1 Qe7 24. h3 Rxd5 25. Rxd5 Rc5 26. Rxc5 Qxc5 27.
Bd3 Nc6 28. b4 Qd6 29. Qc3 g6 30. Bc4 a5 31. bxa5 Nxa5 32. Bb5 h5 33. h4 Nb7
34. Qc8+ Nd8 35. g3 Kg7 36. Qc3+ Kf8 37. Qe3 Ne6 38. Bc4 Nd4 39. Qe4 Nf5 40.
Qa8+ Kg7 41. Qf3 Qc5 42. Ba2 Nd6 43. Kg2 Kf8 44. Qa8+ Kg7 45. Qf3 Kf8 46. Qa8+
Kg7 47. Qf3 1/2-1/2

[Event "16th Monarch Assurance"]
[Site "Port Erin IOM"]
[Date "2007.09.30"]
[Round "9"]
[White "Kuzubov, Y."]
[Black "Moiseenko, A1."]
[Result "1/2-1/2"]
[WhiteElo "2568"]
[BlackElo "2641"]
[PlyCount "142"]
[EventDate "2007.09.22"]
[SourceDate "1999.07.01"]

1. d4 Nf6 2. c4 e6 3. Nc3 Bb4 4. Qc2 O-O 5. a3 Bxc3+ 6. Qxc3 d6 7. Nf3 Ne4 8.
Qc2 f5 9. g3 c5 10. Bg2 Nc6 11. dxc5 dxc5 12. O-O a5 13. Rd1 Qe7 14. Be3 e5 15.
Rd5 Be6 16. Rxe5 Nxe5 17. Nxe5 Rad8 18. Qa4 Qc7 19. Nd3 b6 20. Rc1 Bd7 21. Qc2
Bc6 22. b4 Rfe8 23. Rb1 axb4 24. axb4 Nf6 25. Bf4 Qc8 26. Bxc6 Qxc6 27. bxc5
bxc5 28. Bg5 Rc8 29. Bxf6 Qxf6 30. Nf4 Qe5 31. h4 Rb8 32. Rd1 Red8 33. Nd5 Kh8
34. Rd2 Ra8 35. Kg2 Ra1 36. Qd3 h6 37. Qf3 Kh7 38. Rd3 Rf8 39. Nf4 Rc1 40. Rd5
Qa1 41. Qd3 Rc3 42. Qd2 Rxc4 43. Ne6 Rf6 44. Rxc5 Qa8+ 45. Kh2 Qa7 46. Qd5 Rxc5
47. Nxc5 Qa5 48. Kg2 Qb5 49. e4 fxe4 50. Qxe4+ Kg8 51. Nd3 Qc6 52. Qxc6 Rxc6
53. h5 Rc3 54. Nf4 Kf7 55. g4 Ra3 56. f3 Kf6 57. Kg3 Ra7 58. Ng6 Ra4 59. Nf4
Ra1 60. Kf2 Ke5 61. Ng6+ Kd4 62. Nh4 Ra7 63. Nf5+ Ke5 64. Kg3 Rf7 65. Nh4 Kd4
66. Nf5+ Ke5 67. Nh4 Ra7 68. Nf5 Kf6 69. Nh4 Ra5 70. Ng6 Ra4 71. Nh4 Ra5
1/2-1/2

[Event "60th ch-RUS Higher League"]
[Site "Krasnoyarsk RUS"]
[Date "2007.09.12"]
[Round "9"]
[White "Kiriakov, P."]
[Black "Landa, K."]
[Result "1/2-1/2"]
[WhiteElo "2541"]
[BlackElo "2669"]
[PlyCount "31"]
[EventDate "2007.09.03"]
[SourceDate "1999.07.01"]

1. d4 Nf6 2. c4 e6 3. Nc3 Bb4 4. Qc2 d5 5. a3 Bxc3+ 6. Qxc3 Ne4 7. Qc2 c5 8.
dxc5 Nc6 9. e3 Qa5+ 10. Bd2 Nxd2 11. Qxd2 dxc4 12. Bxc4 Qxc5 13. Rc1 Qg5 14. f4
Qh4+ 15. Qf2 Qxf2+ 16. Kxf2 1/2-1/2

[Event "60th ch-RUS Higher League"]
[Site "Krasnoyarsk RUS"]
[Date "2007.09.13"]
[Round "10"]
[White "Nechepurenko, R."]
[Black "Khairullin, I."]
[Result "0-1"]
[WhiteElo "2510"]
[BlackElo "2567"]
[PlyCount "84"]
[EventDate "2007.09.03"]
[SourceDate "1999.07.01"]

1. d4 Nf6 2. c4 e6 3. Nc3 Bb4 4. Qc2 d5 5. a3 Bxc3+ 6. Qxc3 Ne4 7. Qc2 e5 8.
cxd5 Bf5 9. g4 Bg6 10. Qb3 exd4 11. Nf3 O-O 12. Bg2 c5 13. Ne5 Qf6 14. Nd3 Nd7
15. Qxb7 c4 16. Nf4 Ndc5 17. Qc6 Qh4 18. O-O Rfc8 19. Nxg6 hxg6 20. Qb5 Rab8
21. Qxc4 Nb3 22. Qd3 Nec5 23. Qd1 Nxa1 24. b4 Ncb3 25. Bb2 Qxg4 26. Bxa1 Nxa1
27. Qxa1 Rc2 28. Rd1 Rxe2 29. h3 Qf4 30. Qxd4 Re1+ 31. Bf1 Qg5+ 32. Kh2 Rxd1
33. Qxd1 Rd8 34. Bg2 Qf4+ 35. Kg1 Rc8 36. Qd3 Rc1+ 37. Bf1 Qg5+ 38. Kh1 Qh5 39.
Kg1 Qd1 40. Qb5 Kh7 41. a4 Qd2 42. a5 Rc2 0-1

[Event "3rd Geller mem Open A"]
[Site "Odessa UKR"]
[Date "2007.09.15"]
[Round "8"]
[White "Drozdovskij, Y."]
[Black "Zubarev, Al1"]
[Result "1/2-1/2"]
[WhiteElo "2567"]
[BlackElo "2504"]
[PlyCount "46"]
[EventDate "2007.09.08"]
[SourceDate "1999.07.01"]

1. d4 Nf6 2. c4 e6 3. Nc3 Bb4 4. Qc2 d5 5. a3 Bxc3+ 6. Qxc3 Ne4 7. Qc2 c5 8.
dxc5 Nc6 9. e3 Qa5+ 10. Bd2 Nxd2 11. Qxd2 dxc4 12. Qxa5 Nxa5 13. Rc1 b5 14.
cxb6 Bb7 15. bxa7 Ke7 16. Nf3 Bxf3 17. gxf3 Rxa7 18. Rc2 Rb8 19. Rg1 Rab7 20.
Rg5 Rxb2 21. Rxa5 Rb1+ 22. Ke2 R1b2 23. Ke1 Rb1+ 1/2-1/2

[Event "60th ch-RUS Higher League"]
[Site "Krasnoyarsk RUS"]
[Date "2007.09.05"]
[Round "3"]
[White "Khismatullin, D."]
[Black "Bocharov, D."]
[Result "1/2-1/2"]
[WhiteElo "2566"]
[BlackElo "2605"]
[PlyCount "90"]
[EventDate "2007.09.03"]
[SourceDate "1999.07.01"]

1. d4 Nf6 2. c4 e6 3. Nc3 Bb4 4. Qc2 c5 5. dxc5 O-O 6. a3 Bxc5 7. Nf3 Qb6 8. e3
Be7 9. e4 Nc6 10. Bf4 d6 11. Rd1 Ng4 12. b4 Rd8 13. Nb5 Rd7 14. Bxd6 a6 15. c5
Qd8 16. Bxe7 Rxd1+ 17. Qxd1 Qxd1+ 18. Kxd1 axb5 19. Bh4 Rxa3 20. Kc2 Bd7 21.
Kb2 Ra4 22. Bd3 e5 23. h3 Nf6 24. Ra1 Nxb4 25. Nxe5 Nxd3+ 26. Nxd3 Rxe4 27.
Ra8+ Ne8 28. Bg3 f6 29. Kb3 Rc4 30. Rb8 Bc6 31. Nb4 Kf7 32. Nxc6 bxc6 33. Rb7+
Kf8 34. Rb8 Kf7 35. Rb7+ Kf8 36. Rb8 Re4 37. Rc8 Re6 38. Bd6+ Kf7 39. Rxc6 Nxd6
40. cxd6 Ke8 41. Kb4 g5 42. Kxb5 Kd7 43. Rc7+ Kxd6 44. Rc6+ Kd5 45. Rxe6 Kxe6
1/2-1/2

[Event "60th ch-RUS Higher League"]
[Site "Krasnoyarsk RUS"]
[Date "2007.09.08"]
[Round "5"]
[White "Kiriakov, P."]
[Black "Lysyj, I."]
[Result "0-1"]
[WhiteElo "2541"]
[BlackElo "2578"]
[PlyCount "234"]
[EventDate "2007.09.03"]
[SourceDate "1999.07.01"]

1. d4 Nf6 2. c4 e6 3. Nc3 Bb4 4. Qc2 d6 5. Bg5 Nbd7 6. e3 c5 7. dxc5 Nxc5 8.
Nge2 Bd7 9. Rb1 Ba4 10. b3 Bc6 11. f3 a5 12. Rc1 h6 13. Bh4 e5 14. Bxf6 Qxf6
15. Ng3 a4 16. Kf2 axb3 17. axb3 Ra3 18. Nd5 Bxd5 19. cxd5 O-O 20. Bc4 Rfa8 21.
Rb1 Qh4 22. Rhd1 g6 23. Kg1 Qg5 24. Nf1 R8a5 25. Be2 b5 26. Rb2 Kg7 27. Rc1 h5
28. Qd1 Qf6 29. Rbb1 e4 30. f4 Ra2 31. Rc2 R2a3 32. Rcc1 Ra2 33. Rc2 Ra1 34.
Rxa1 Rxa1 35. Rc1 Ra5 36. Qc2 h4 37. g3 Kh7 38. Rb1 Qf5 39. Rd1 Ra3 40. Bxb5
Rxb3 41. Rb1 Rxb1 42. Qxb1 Bc3 43. Qc2 Bf6 44. Bc4 Kg7 45. Qe2 Qc8 46. Qc2 Qa8
47. Nd2 Qa1+ 48. Bf1 Qe1 49. Nc4 hxg3 50. hxg3 Qxg3+ 51. Qg2 Qxg2+ 52. Kxg2 Be7
53. Nb6 Bd8 54. Nc8 Bc7 55. Bb5 Nb7 56. Bd7 f5 57. Kf2 Kf6 58. Ke2 Nd8 59. Be8
Nf7 60. Na7 Bb6 61. Nb5 Bc5 62. Bxf7 Kxf7 63. Nc7 Bb4 64. Ne6 Bc3 65. Kd1 Bf6
66. Kc2 Bh4 67. Kd2 Kf6 68. Nd4 Ke7 69. Ne6 Ke8 70. Kc3 Be1+ 71. Kc2 Ke7 72.
Kd1 Bh4 73. Kd2 Kf7 74. Ke2 Kg8 75. Nd4 Kg7 76. Nb5 Be7 77. Nd4 Kh6 78. Nc6 Bf6
79. Na5 Kh5 80. Nc4 Be7 81. Kf2 Kh4 82. Nb6 Kg4 83. Nc8 Bf8 84. Nb6 Kh3 85. Nc8
Kh4 86. Nb6 Kg4 87. Nc4 Be7 88. Nb6 Bh4+ 89. Ke2 Bd8 90. Nc4 Bc7 91. Kf2 Kh3
92. Ke2 Kg3 93. Na3 Bd8 94. Nb5 Be7 95. Nd4 Bf8 96. Nb5 Kh3 97. Nd4 Kg4 98. Ne6
Be7 99. Nd4 g5 100. Nc6 Bf6 101. fxg5 Kxg5 102. Na5 Bc3 103. Nb7 Bb4 104. Nd8
Kf6 105. Nc6 Bc5 106. Kd2 Kg5 107. Nd8 Kf6 108. Nc6 Bb6 109. Nb8 Kg5 110. Ke2
f4 111. exf4+ Kxf4 112. Nc6 Bc5 113. Ne7 Ke5 114. Kd2 Kd4 115. Ke2 Ba3 116. Kd2
Bb4+ 117. Ke2 Bc3 0-1

[Event "60th ch-RUS Higher League"]
[Site "Krasnoyarsk RUS"]
[Date "2007.09.10"]
[Round "7"]
[White "Sakaev, K."]
[Black "Savchenko, B."]
[Result "1-0"]
[WhiteElo "2634"]
[BlackElo "2577"]
[PlyCount "111"]
[EventDate "2007.09.03"]
[SourceDate "1999.07.01"]

1. d4 Nf6 2. c4 e6 3. Nc3 Bb4 4. Qc2 c5 5. dxc5 Nc6 6. Nf3 O-O 7. a3 Bxc5 8.
Bg5 h6 9. Bh4 Be7 10. Rd1 a6 11. e4 Qc7 12. Be2 d6 13. O-O Ra7 14. Rd2 b6 15.
Rfd1 Rd8 16. b4 Qb8 17. b5 axb5 18. cxb5 Na5 19. e5 Ne8 20. Bxe7 Rxe7 21. exd6
Red7 22. Na4 Rxd6 23. Rxd6 Rxd6 24. Nxb6 Bb7 25. Nd7 Rxd1+ 26. Bxd1 Qf4 27. Nc5
Bd5 28. Qc3 Nd6 29. a4 Nac4 30. Nd3 Qf5 31. Qd4 Bb7 32. h3 f6 33. Qc3 Nb6 34.
Nfe1 Nbc4 35. Qd4 h5 36. Qh4 Be4 37. Be2 Qd5 38. Qxh5 e5 39. Qh4 Qd4 40. Kh2
Qa7 41. Bd1 g5 42. Qg4 Kg7 43. Qe2 Qd4 44. Bb3 Na5 45. Bc2 Nac4 46. Kg1 Bb7 47.
Qd1 e4 48. Nc1 Qe5 49. Ne2 Qe7 50. Qd4 e3 51. Bd3 exf2+ 52. Kxf2 Ne5 53. Ng3
Bc8 54. Be2 Ng6 55. Nf3 Kh6 56. Qe3 1-0